000 00553nam a2200229Ia 4500
003 OSt
005 20220928144154.0
006 a|||||r|||| 00| 0
007 ta
008 220927b |||||||| |||| 00| 0 eng d
024 _a63542
037 _cTextual
040 _aSDCL
_cSDCL
_beng
041 _2eng
_aeng
082 _aXM8:8, N7
100 _aJohnson
245 0 _aExploring corporate strategy .
260 _c1997
700 _a Scholes
_9507293
942 _hXM8:8, N7
_cTEXL
_2CC
999 _c826658
_d826658